LEADER 03003nam 2200625Ia 450 001 9910458020003321 005 20200520144314.0 010 $a1-282-90616-X 010 $a9786612906169 010 $a0-8213-8141-5 035 $a(CKB)2560000000052881 035 $a(EBL)606027 035 $a(OCoLC)692336619 035 $a(SSID)ssj0000423817 035 $a(PQKBManifestationID)12145287 035 $a(PQKBTitleCode)TC0000423817 035 $a(PQKBWorkID)10470058 035 $a(PQKB)10027441 035 $a(MiAaPQ)EBC606027 035 $a(PPN)151898774 035 $a(Au-PeEL)EBL606027 035 $a(CaPaEBR)ebr10430845 035 $a(CaONFJC)MIL290616 035 $a(EXLCZ)992560000000052881 100 $a20100804d2010 uy 0 101 0 $aeng 135 $aur|n|---||||| 181 $ctxt 182 $cc 183 $acr 200 00$aNatural hazards, unnatural disasters$b[electronic resource] $ethe economics of effective prevention /$fThe World Bank and The United Nations 210 $aWashington, D.C. $cWorld Bank$d2010 215 $a1 online resource (531 p.) 300 $aDescription based upon print version of record. 311 $a0-8213-8050-8 320 $aIncludes bibliographical references and index. 327 $aCover; Half Title Page; Title Page; Copyright; Praise for Natural Hazards, UnNatural Disasters; Contents; Acknowledgments; Memorandum to a Conderned Finance Minister; Overview; 1. Fluctuating Deaths, Rising Damages-the Numbers; 2. Measuring Disasters' Many Effects; 3. Prevention by Individuals; 4. Prevention through Governments; 5. Insurance and Coping; 6. Coming Game-Changers? Burgeoning Cities, Climate Change, and Climate-Induced Catastrophes; Notes and References; Index; Memorandum to a Concerned Citizen; Back Cover 330 $aEarthquakes, droughts, floods, and storms are natural hazards, but unnatural disasters are the deaths and damages that result from human acts of omission and commission. Every disaster is unique, but each exposes actions-by individuals and governments at different levels-that, had they been different, would have resulted in fewer deaths and less damage. Prevention is possible, and this book examines what it takes to do this cost-effectively.It looks at disasters primarily through an economic lens. Economists emphasize self-interest to explain how people choose the amount of prevention, insuran 606 $aDisasters$xEconomic aspects 606 $aNatural disasters$xEconomic aspects 606 $aEmergency management 608 $aElectronic books. 615 0$aDisasters$xEconomic aspects. 615 0$aNatural disasters$xEconomic aspects. 615 0$aEmergency management. 676 $a363.34/7 712 02$aWorld Bank. 712 02$aUnited Nations. 801 0$bMiAaPQ 801 1$bMiAaPQ 801 2$bMiAaPQ 906 $aBOOK 912 $a9910458020003321 996 $aNatural hazards, unnatural disasters$92469377 997 $aUNINA LEADER 04637nam 22005535 450 001 9910728949303321 005 20251113193636.0 010 $a3-031-35190-8 024 7 $a10.1007/978-3-031-35190-7 035 $a(MiAaPQ)EBC30589491 035 $a(Au-PeEL)EBL30589491 035 $a(DE-He213)978-3-031-35190-7 035 $a(PPN)272259527 035 $a(CKB)26869079500041 035 $a(OCoLC)1382388426 035 $a(EXLCZ)9926869079500041 100 $a20230607d2023 u| 0 101 0 $aeng 135 $aurcnu|||||||| 181 $ctxt$2rdacontent 182 $cc$2rdamedia 183 $acr$2rdacarrier 200 10$aCritical Information Infrastructures Security $e17th International Conference, CRITIS 2022, Munich, Germany, September 14?16, 2022, Revised Selected Papers /$fedited by Bernhard Hämmerli, Udo Helmbrecht, Wolfgang Hommel, Leonhard Kunczik, Stefan Pickl 205 $a1st ed. 2023. 210 1$aCham :$cSpringer Nature Switzerland :$cImprint: Springer,$d2023. 215 $a1 online resource (284 pages) 225 1 $aLecture Notes in Computer Science,$x1611-3349 ;$v13723 311 08$aPrint version: Hämmerli, Bernhard Critical Information Infrastructures Security Cham : Springer International Publishing AG,c2023 9783031351891 327 $aProtection of Cyber-Physical Systems and Industrial Control Systems -- Root Cause Analysis of Software Aging in Critical Information Infrastructure -- Threat-driven Dynamic Security Policies for Cyber-Physical Infrastructures -- High Data Throughput Exfiltration through Video Cable Emanations -- Design and Justification of a Cybersecurity Assessment Framework for IoT-based Environments -- An Empirical Evaluation of 4.0 CNC Machines -- Dataset Report : LID-DS 2021 -- Analytics, Strategic Management -- Strategic Anticipation in Crisis Management through the Lens of Societal Values - The SANCTUM Project -- An Assessment Model for Prioritizing CVEs in CRITIS in the Context of Time and Fault Criticality -- Towards a Layer Model for Digital Sovereignty: A Holistic Approach -- Building Collaborative Cybersecurity for Critical Infrastructure Protection: Empirical Evidence of Collective Intelligence Information-Sharing Dynamics on ThreatFox -- Automatic Concrete Bridge Crack Detection from Strain Measurements: a Preliminary Study -- Mapping and Simulating Cyber-Physical Threats for Critical Infrastructures -- Identifying Residential Areas based on Open Source Data: a Multi Criteria Holistic Indicator to Optimize Resource Allocation During a Pandemic -- Security Awareness and Crisis Management for C(I)IP -- Modeling Hierarchical Structure of Effective Communication Factors in Cyber Incident Response -- Energy Security in the Context of Hybrid Threats: The Case of the European Natural Gas Network -- Cybersecurity in the German Railway Sector -- The Understanding of Vulnerability of Critical Infrastructure -- Is there a Relationship between Cybersecurity Level and Electricity Outages in Norway? -- Emerging Importance of Cybersecurity in Electric Power Sector as a Hub of Interoperable Critical Infrastructure Protection in the Greater Metropolitan Areas in Japan -- A Water Security Plan to Enhance Resilience of Drinking Water Systems. 330 $aThis book constitutes the refereed proceedings of the 17th International Conference on Critical Information Infrastructures Security, CRITIS 2022, which took place in Munich, Germany, during September 14?16, 2022. The 16 full papers and 4 short papers included in this volume were carefully reviewed and selected from 26 submissions. They are organized in topical sections as follows: protection of cyber-physical systems and industrial control systems (ICS); C(I)IP organization, (strategic) management and legal aspects; human factor, security awareness and crisis management for C(I)IP and critical services; and future, TechWatch and forecast for C(I)IP and critical services. 410 0$aLecture Notes in Computer Science,$x1611-3349 ;$v13723 606 $aData protection 606 $aData and Information Security 615 0$aData protection. 615 14$aData and Information Security. 676 $a005.8 676 $a005.8 700 $aHämmerli$b Bernhard$01363621 701 $aHelmbrecht$b Udo$01363622 701 $aHommel$b Wolfgang$01363623 701 $aKunczik$b Leonhard$01239763 701 $aPickl$b Stefan$0472376 801 0$bMiAaPQ 801 1$bMiAaPQ 801 2$bMiAaPQ 906 $aBOOK 912 $a9910728949303321 996 $aCritical Information Infrastructures Security$93384468 997 $aUNINA